[Event "CZE-chT2A 1617"]
[Site "Czech Republic"]
[Date "2017.02.26"]
[Round "9"]
[White "Turner, Radek"]
[Black "Horicky, Kamil"]
[Result "1/2-1/2"]
[WhiteElo "2046"]
[BlackElo "1842"]
[PlyCount "80"]
[EventDate "2016.10.09"]
[EventType "team-tourn"]
[EventRounds "11"]
[EventCountry "CZE"]
[SourceTitle "EXT 2022"]
[Source "ChessBase"]
[SourceDate "2021.10.06"]
[SourceVersion "1"]
[SourceVersionDate "2021.10.06"]
[SourceQuality "1"]
[WhiteTeam "Kozolupy"]
[BlackTeam "Plzen Kosutka"]
[WhiteTeamCountry "CZE"]
[BlackTeamCountry "CZE"]

1. c4 e6 2. Nf3 Nf6 3. g3 d5 4. b3 g6 5. Bb2 Bg7 6. Bg2 0-0 7. 0-0 Nbd7 8. Qc2 b6 9. d3 Bb7 10. Nbd2 c5 11. cxd5 Nxd5 12. Bxg7 Kxg7 13. a3 Qe7 14. Nc4 N5f6 15. Qb2 Bxf3 16. Bxf3 Rad8 17. Rac1 Kg8 18. Ne5 Nxe5 19. Qxe5 Nd5 20. Rfd1 Qf6 21. Qxf6 Nxf6 22. Rc4 Rd4 23. Rdc1 Rfd8 24. h3 Kf8 25. Kf1 Ke7 26. Ke1 Rxc4 27. Rxc4 Kd6 28. Rf4 Ke7 29. Ra4 Rd7 30. Bc6 Rc7 31. Bf3 Rd7 32. Kd2 Nd5 33. Rh4 h5 34. e3 Nf6 35. Ra4 Nd5 36. g4 hxg4 37. hxg4 Kd6 38. g5 e5 39. Rh4 Nc7 40. Bg4 Re7 1/2-1/2